| 000 | 00988cam a2200337 i 4500 | ||
|---|---|---|---|
| 001 | 38285 | ||
| 003 | KOSZ 005 | ||
| 005 | 20211216120936.0 | ||
| 008 | 000204s2000 pl f |000 0 pol d | ||
| 020 | _a8371971923 | ||
| 040 |
_cKOSZ 005 _aKOSZ 005 _dKOSZ 005/HR |
||
| 041 | 1 |
_apol _heng |
|
| 046 | _k2000 | ||
| 080 | _a004.732 | ||
| 080 | _a(07) | ||
| 100 | 1 |
_aBreyer, Robert _eAutor |
|
| 245 | 1 | 0 |
_aSwitched, Fast i Gigabit Ethernet / _cRobert Breyer, Sean Riley. |
| 260 |
_aGliwice : _b"Helion", _ccop.2000. |
||
| 300 |
_a486 s. : _brys. ; _c24 cm. |
||
| 380 | _aKsiążki | ||
| 380 | _aPublikacje fachowe | ||
| 388 | _a1901-2000 | ||
| 388 | _a1989-2000 | ||
| 504 | _aIndeks. | ||
| 650 | 4 | _aEthernet | |
| 655 | 4 | _aPodręcznik | |
| 658 | _aInformatyka i technologie informacyjne | ||
| 700 | 1 |
_aRiley, Sean _eAutor |
|
| 856 |
_uhttp://koha.tu.koszalin.pl/cgi-bin/koha/opac-detail.pl?biblionumber=38285 _yKatalog online BPK |
||
| 942 |
_cKS _2UKD |
||
| 999 |
_c38285 _d38285 |
||